[Event "Euro Online U2300 Day 2"]
[Site "chess.com INT"]
[Date "2020.05.26"]
[Round "6"]
[White "Yeke, Serkan"]
[Black "Skatchkov, Valery"]
[Result "1/2-1/2"]
[WhiteTitle "FM"]
[BlackTitle "FM"]
[WhiteElo "2099"]
[BlackElo "2242"]
[WhiteFideId "6301142"]
[BlackFideId "24195812"]
[EventDate "2020.05.26"]

1. Nf3 Nf6 2. c4 e6 3. Nc3 d5 4. d4 Bb4 5. cxd5 exd5 6. Bg5 Nbd7 7. e3 O-O 8.
Bd3 c5 9. Qc2 Qa5 10. O-O c4 11. Bf5 g6 12. Bh3 Bxc3 13. bxc3 Ne4 14. Be7 Re8
15. Bb4 Qc7 16. a4 Ndf6 17. Bxc8 Raxc8 18. a5 Nd7 19. Nd2 Nxd2 20. Qxd2 f5 21.
f3 Nf6 22. Rfe1 Re6 23. Qf2 Rce8 24. Re2 Kf7 25. Rae1 Kg7 1/2-1/2

[Event "Euro Online U2300 Day 2"]
[Site "chess.com INT"]
[Date "2020.05.26"]
[Round "6"]
[White "Yordanov, Lachezar"]
[Black "Caputcuoglu, Zeki Berke"]
[Result "1-0"]
[WhiteTitle "FM"]
[BlackTitle "CM"]
[WhiteElo "2307"]
[BlackElo "2138"]
[WhiteFideId "2918927"]
[BlackFideId "34548610"]
[EventDate "2020.05.26"]

1. d4 Nf6 2. c4 g6 3. Nc3 Bg7 4. e4 d6 5. Be2 O-O 6. Be3 c5 7. d5 e6 8. Nf3 exd5
9. cxd5 Re8 10. Nd2 a6 11. a4 Nbd7 12. O-O Rb8 13. Qc2 Ne5 14. h3 Ned7 15. Bf4
Bf8 16. Bg3 b6 17. f4 Bb7 18. Rae1 Rc8 19. b3 Bg7 20. Kh1 h6 21. Bf3 Nh7 22. Nc4
Qe7 23. e5 dxe5 24. fxe5 Qg5 25. Ne4 Qd8 26. Ncd6 Bxd5 27. Nxe8 Bxe4 28. Bxe4
Qxe8 29. Bd5 Ng5 30. Qxg6 Ne6 31. Rxf7 Ndf8 32. Rxg7+ 1-0

[Event "Euro Online U2300 Day 2"]
[Site "chess.com INT"]
[Date "2020.05.26"]
[Round "6"]
[White "Bayramov, Zaur"]
[Black "Marjanovic, Annamaria"]
[Result "0-1"]
[WhiteTitle "FM"]
[BlackTitle "WGM"]
[WhiteElo "2357"]
[BlackElo "2338"]
[WhiteFideId "13405080"]
[BlackFideId "750930"]
[EventDate "2020.05.26"]

1. d4 Nf6 2. c4 g6 3. Nc3 Bg7 4. e4 d6 5. h3 O-O 6. Nf3 c5 7. dxc5 dxc5 8. Qxd8
Rxd8 9. Be3 b6 10. Be2 Bb7 11. Nd2 Nc6 12. O-O-O Nd4 13. Bd3 e6 14. Rhe1 Ne8 15.
f4 Nc6 16. Bb1 Bd4 17. e5 Bxe3 18. Rxe3 Nd4 19. g4 Rd7 20. Be4 Bxe4 21. Ndxe4
Rad8 22. Red3 Nb3+ 23. Kc2 Na1+ 24. Rxa1 Rxd3 25. Rd1 Rxd1 26. Nxd1 Rd4 27. Ndc3
Rxc4 28. Kd3 Rd4+ 29. Ke3 a6 30. b3 Rd7 31. Na4 Rb7 32. g5 Kf8 33. Nf6 Nxf6 34.
exf6 Ke8 35. Nb2 b5 36. Nd3 c4 37. Nc5 Rb6 38. b4 Rd6 0-1

[Event "Euro Online U2300 Day 2"]
[Site "chess.com INT"]
[Date "2020.05.26"]
[Round "6"]
[White "Maximov, Oleg"]
[Black "Ohanyan, Emin"]
[Result "0-1"]
[BlackTitle "FM"]
[WhiteElo "2219"]
[BlackElo "2291"]
[WhiteFideId "4176960"]
[BlackFideId "13312022"]
[EventDate "2020.05.26"]

1. e4 e5 2. Nc3 Nf6 3. g3 d5 4. exd5 Nxd5 5. Bg2 Be6 6. Nf3 Nc6 7. O-O Nxc3 8.
bxc3 Bd6 9. Re1 O-O 10. d4 exd4 11. cxd4 Bg4 12. c3 Qf6 13. h3 Bd7 14. Ne5 Nxe5
15. dxe5 Bxe5 16. Rxe5 Qxe5 17. Qxd7 Qxc3 18. Rb1 Rad8 19. Qa4 Qe1+ 20. Bf1 Rd1
21. Qc4 b5 0-1

[Event "Euro Online U2300 Day 2"]
[Site "chess.com INT"]
[Date "2020.05.26"]
[Round "6"]
[White "Hadzimanolis, Antonios"]
[Black "Mostbauer, Florian"]
[Result "1/2-1/2"]
[WhiteTitle "FM"]
[BlackTitle "FM"]
[WhiteElo "2214"]
[BlackElo "2309"]
[WhiteFideId "4202813"]
[BlackFideId "1626671"]
[EventDate "2020.05.26"]

1. e4 c6 2. d4 d5 3. exd5 cxd5 4. Bd3 Nc6 5. c3 Nf6 6. h3 g6 7. Nf3 Bg7 8. O-O
O-O 9. Re1 Bf5 10. Bf4 Bxd3 11. Qxd3 a6 12. a4 Rc8 13. Nbd2 e6 14. b4 Re8 15. a5
Na7 16. Nb3 Ne4 17. Rec1 Nb5 18. Nc5 Nxc5 19. bxc5 Qf6 20. Be5 Qf5 21. Qxf5 gxf5
22. c4 dxc4 23. Rxc4 Red8 24. Bxg7 Kxg7 25. Rac1 Kf6 26. c6 bxc6 27. Rxc6 Rxc6
28. Rxc6 Nxd4 29. Nxd4 Rxd4 30. Rxa6 Rd1+ 31. Kh2 Ra1 32. f4 Ra3 33. g3 Ra2+ 34.
Kg1 Ra1+ 35. Kf2 Ra2+ 36. Kf3 1/2-1/2

[Event "Euro Online U2300 Day 2"]
[Site "chess.com INT"]
[Date "2020.05.26"]
[Round "6"]
[White "Novikova, Galina"]
[Black "Curtacci, Sergio"]
[Result "0-1"]
[WhiteTitle "WFM"]
[WhiteElo "2073"]
[BlackElo "2038"]
[WhiteFideId "4157095"]
[BlackFideId "858048"]
[EventDate "2020.05.26"]

1. e4 d5 2. exd5 Qxd5 3. Nf3 Bg4 4. Be2 Nf6 5. O-O e6 6. d4 Be7 7. c4 Qd8 8. Nc3
O-O 9. Be3 Nbd7 10. h3 Bh5 11. a3 c6 12. b4 Qc7 13. Rc1 Rfd8 14. d5 exd5 15.
cxd5 Nb6 16. Qb3 Nbxd5 17. Bg5 Nxc3 18. Rxc3 Nd5 19. Bxe7 Nxc3 20. Bxd8 Nxe2+
21. Kh1 Rxd8 22. Re1 Nf4 23. Ng5 h6 24. Ne4 Nd5 25. Ng3 Bg6 26. b5 Qd7 27. a4
Re8 28. Rd1 Qe6 29. bxc6 bxc6 30. Qb7 Bc2 31. Rc1 Bxa4 32. Qxa7 Bb5 33. Qb7 Nf4
34. Ra1 Ne2 35. Nf1 Qf6 36. Ra8 Rxa8 37. Qxa8+ Kh7 38. Qa7 Nc3 39. Ng3 Qf4 40.
Qc5 Ne4 41. Qc2 f5 42. Nh5 Qxf2 43. Qb3 Bf1 44. Qf3 Qxf3 45. gxf3 Nf6 46. Nf4 c5
47. Kg1 Bb5 48. Kf2 c4 49. Ke3 Bc6 50. Kd4 Bxf3 51. Kxc4 g5 52. Nd3 Be2 53. Kd4
Bxd3 54. Kxd3 Kg6 0-1

[Event "Euro Online U2300 Day 2"]
[Site "chess.com INT"]
[Date "2020.05.26"]
[Round "6"]
[White "Sudakova, Irina"]
[Black "Olsen, Filip Boe"]
[Result "1-0"]
[WhiteTitle "WGM"]
[BlackTitle "IM"]
[WhiteElo "2288"]
[BlackElo "2353"]
[WhiteFideId "4129903"]
[BlackFideId "1440640"]
[EventDate "2020.05.26"]

1. e4 c6 2. d4 d5 3. e5 Bf5 4. h4 h5 5. c4 e6 6. Nc3 Ne7 7. Bg5 dxc4 8. Bxc4 Nd7
9. Nge2 Nb6 10. Bd3 Qd7 11. O-O Bxd3 12. Qxd3 c5 13. Rfd1 c4 14. Qf3 Ned5 15.
Ne4 Nc8 16. N2g3 g6 17. Nf6+ Nxf6 18. Bxf6 Rg8 19. d5 Be7 20. dxe6 Qxe6 21. Qxb7
Nb6 22. Ne4 Bxf6 23. Nxf6+ Kf8 24. a4 Kg7 25. Nxg8 Rxg8 26. a5 Nc8 27. Qd5 Qg4
28. Rd4 Qf5 29. Rxc4 Ne7 30. Qe4 Qe6 31. Rc7 Nf5 32. Rxa7 Rd8 33. Rc7 Rd4 34.
Qc6 Qb3 35. Qf6+ Kh6 36. Qh8# 1-0

[Event "Euro Online U2300 Day 2"]
[Site "chess.com INT"]
[Date "2020.05.26"]
[Round "6"]
[White "Han, Yichen"]
[Black "Gombocz, Ferenc Jr."]
[Result "1/2-1/2"]
[WhiteTitle "FM"]
[BlackTitle "FM"]
[WhiteElo "2307"]
[BlackElo "2209"]
[WhiteFideId "1054430"]
[BlackFideId "775029"]
[EventDate "2020.05.26"]

1. e4 e5 2. Nf3 Nc6 3. Bc4 d6 4. c3 g6 5. d4 Bg7 6. O-O Bd7 7. Qb3 Qe7 8. Qxb7
Rb8 9. Qxc7 Rc8 10. Qb7 Na5 11. Bxf7+ Qxf7 12. Qxa7 Nc6 13. Qa6 exd4 14. cxd4
Nxd4 15. Nxd4 Bxd4 16. Nc3 Bxc3 17. bxc3 Qe6 18. Rd1 Ne7 19. Rxd6 Qxe4 20. Bg5
Bc6 21. f3 Qe5 22. Bxe7 Qc5+ 23. Rd4 1/2-1/2

[Event "Euro Online U2300 Day 2"]
[Site "chess.com INT"]
[Date "2020.05.26"]
[Round "6"]
[White "Khalafova, Narmin"]
[Black "Hasanagic, Anel"]
[Result "0-1"]
[WhiteTitle "WGM"]
[BlackTitle "CM"]
[WhiteElo "2279"]
[BlackElo "2235"]
[WhiteFideId "13402625"]
[BlackFideId "14605791"]
[EventDate "2020.05.26"]

1. e4 c6 2. Nc3 d5 3. Nf3 Bg4 4. h3 Bxf3 5. Qxf3 Nf6 6. d3 e6 7. Bd2 Bb4 8.
O-O-O d4 9. Ne2 Bxd2+ 10. Rxd2 c5 11. Kb1 Nc6 12. Qg3 O-O 13. f4 Qa5 14. Rd1 Nb4
15. Nc1 b5 16. f5 exf5 17. exf5 Nfd5 18. a3 Nc3+ 19. bxc3 dxc3 20. Na2 Qxa3 21.
Nxc3 Qxc3 22. Qf2 Nd5 23. Be2 Qa3 24. c3 Nxc3+ 25. Kc2 Qa2+ 26. Kc1 Nxe2+ 27.
Qxe2 Qxe2 0-1

[Event "Euro Online U2300 Day 2"]
[Site "chess.com INT"]
[Date "2020.05.26"]
[Round "6"]
[White "Grigoryan, Aram"]
[Black "Galiana Fernandez, Adrian"]
[Result "0-1"]
[BlackTitle "FM"]
[WhiteElo "1996"]
[BlackElo "2260"]
[WhiteFideId "13310542"]
[BlackFideId "32010150"]
[EventDate "2020.05.26"]

1. d4 Nf6 2. c4 g6 3. Nc3 d5 4. cxd5 Nxd5 5. e4 Nxc3 6. bxc3 Bg7 7. Nf3 c5 8.
Be3 Bg4 9. Rc1 O-O 10. d5 e6 11. c4 exd5 12. exd5 Re8 13. h3 Qa5+ 14. Qd2 Qxd2+
15. Nxd2 Bf5 16. g4 Bd7 17. Bg2 f5 18. gxf5 Bxf5 19. O-O Nd7 20. Nf3 b6 21. Rfe1
Nf6 22. Nh4 Be4 23. Nf3 Rad8 24. Ng5 Bf5 25. Bf4 Nh5 26. Bc7 Rc8 27. d6 Bh6 28.
Bd5+ Kg7 29. Ne6+ Bxe6 30. Bxe6 Bxc1 31. d7 Ra8 32. dxe8=Q Rxe8 33. Be5+ Kh6 34.
Bd7 Rd8 35. Bg4 Bf4 36. Bxh5 Bxe5 37. Rxe5 gxh5 38. Re7 Rd4 39. Rxa7 Rxc4 40.
Rb7 Rb4 41. a4 Kg5 42. Kg2 Kf4 43. a5 bxa5 44. Rxh7 Kg5 45. Rc7 Rc4 46. Kg3 Rc3+
47. Kg2 a4 48. Ra7 a3 49. Ra4 c4 50. Ra5+ Kf4 51. Rxh5 a2 52. Ra5 Rc2 53. h4 Rb2
54. h5 c3 55. h6 c2 56. Ra4+ Kf5 57. h7 Rb8 58. Rb4 Rh8 0-1

[Event "Euro Online U2300 Day 2"]
[Site "chess.com INT"]
[Date "2020.05.26"]
[Round "6"]
[White "Trokhymyshyn, Sergii"]
[Black "Martinkus, Rolandas"]
[Result "0-1"]
[BlackTitle "FM"]
[WhiteElo "2157"]
[BlackElo "2117"]
[WhiteFideId "14135604"]
[BlackFideId "12800481"]
[EventDate "2020.05.26"]

1. e4 e5 2. Nf3 Nc6 3. d4 exd4 4. Bc4 Nf6 5. O-O Nxe4 6. Re1 d5 7. Bxd5 Qxd5 8.
Nc3 Qa5 9. Nxe4 Be6 10. Neg5 O-O-O 11. Nxe6 fxe6 12. Rxe6 Bd6 13. Bg5 Rde8 14.
Qe2 Kd7 15. Rxe8 Rxe8 16. Qd3 h6 17. Bd2 Qh5 18. h3 Ne5 19. Qb5+ Kc8 20. Nxd4
Bc5 21. Nf5 Bxf2+ 22. Kxf2 Qxf5+ 23. Kg3 Rf8 24. Be3 a6 25. Qb4 Nc6 26. Qg4
Qxg4+ 27. Kxg4 Ne5+ 28. Kg3 Nc4 29. Bd4 g6 30. Re1 Kd7 31. b3 Nd6 32. Bc5 h5 33.
c4 Rf5 34. Bb4 c5 35. Bc3 b5 36. cxb5 axb5 37. a4 Rd5 38. Kf2 Rd3 39. Re3 Rxc3
40. Rxc3 Ne4+ 41. Ke3 Nxc3 42. a5 b4 0-1

[Event "Euro Online U2300 Day 2"]
[Site "chess.com INT"]
[Date "2020.05.26"]
[Round "6"]
[White "Martirosyan, Haik M."]
[Black "Ioannidis, Evgenios"]
[Result "1-0"]
[WhiteTitle "GM"]
[BlackTitle "IM"]
[WhiteElo "2617"]
[BlackElo "2401"]
[WhiteFideId "13306553"]
[BlackFideId "4229274"]
[EventDate "2020.05.26"]

1. b3 e5 2. Bb2 Nc6 3. e3 Nf6 4. Bb5 Bd6 5. Na3 Na5 6. Be2 c6 7. c4 Qe7 8. Nc2
c5 9. d3 Nc6 10. Nf3 Bc7 11. e4 Ba5+ 12. Kf1 d6 13. Ne3 g6 14. a3 O-O 15. b4
cxb4 16. axb4 Bxb4 17. Nd5 Nxd5 18. cxd5 Nd8 19. d4 f6 20. Qb3 a5 21. h3 Nf7 22.
Bd3 exd4 23. Nxd4 Ne5 24. Be2 f5 25. exf5 Bxf5 26. Kg1 Bc5 27. Kh2 Qh4 28. g3
Qe4 29. f3 a4 30. fxe4 axb3 31. exf5 Bxd4 32. Bxd4 gxf5 33. Rhb1 Rxa1 34. Bxa1
Ra8 35. Bxe5 dxe5 36. Bc4 1-0

[Event "Euro Online U2300 Day 2"]
[Site "chess.com INT"]
[Date "2020.05.26"]
[Round "6"]
[White "Monteverde, Jonathan"]
[Black "Mica, Marek"]
[Result "1-0"]
[BlackTitle "FM"]
[WhiteElo "2105"]
[BlackElo "2324"]
[WhiteFideId "1314580"]
[BlackFideId "382884"]
[EventDate "2020.05.26"]

1. d4 Nf6 2. c4 e6 3. Nc3 c5 4. d5 exd5 5. cxd5 d6 6. e4 g6 7. Nge2 Bg7 8. Ng3
O-O 9. Be2 Re8 10. O-O a6 11. a4 Nbd7 12. Bg5 h6 13. Be3 Ne5 14. h3 g5 15. f4
gxf4 16. Rxf4 Ng6 17. Rf2 Qe7 18. Qd2 Kh7 19. Raf1 Bd7 20. Bg4 Bxg4 21. hxg4
Nxg4 22. Rxf7 Qh4 23. Rxg7+ Kh8 24. Rff7 Qxg3 25. Rxg6 Rf8 26. Bf4 Qh4 27. Be5+
dxe5 28. Rxg4 Qh5 29. Rxb7 Rf6 30. Rgg7 Qh4 31. Rbf7 Rxf7 32. Rxf7 Rg8 33. Qf2
Qxf2+ 34. Kxf2 Rb8 35. d6 Rxb2+ 36. Kg3 Rb3 37. d7 Rxc3+ 38. Kg4 Rd3 39. Rf8+
Kg7 40. d8=Q Rxd8 41. Rxd8 c4 42. Rc8 c3 43. Rxc3 Kf6 44. Rc6+ Ke7 45. Rxa6 Kd7
46. Rxh6 Kd8 47. Rh7 Kc8 48. Kf5 Kb8 49. Ke6 Ka8 50. Kd6 Kb8 51. Kc6 Kc8 52.
Rh8# 1-0

[Event "Euro Online U2300 Day 2"]
[Site "chess.com INT"]
[Date "2020.05.26"]
[Round "6"]
[White "Mesnyankin, Nikita"]
[Black "Petriashvili, Nikoloz"]
[Result "0-1"]
[BlackTitle "IM"]
[WhiteElo "2176"]
[BlackElo "2423"]
[WhiteFideId "24175935"]
[BlackFideId "13611216"]
[EventDate "2020.05.26"]

1. e4 c6 2. d4 d5 3. e5 Bf5 4. Nf3 e6 5. Be2 Nh6 6. Nbd2 Bg6 7. Nb3 Nd7 8. a4
Be7 9. O-O O-O 10. a5 c5 11. dxc5 Nxc5 12. Nxc5 Bxc5 13. Bxh6 gxh6 14. c3 Rc8
15. Qd2 Kg7 16. Rac1 Be7 17. b4 b6 18. axb6 Qxb6 19. Nd4 a5 20. bxa5 Qxa5 21. f4
Ba3 22. f5 Bxc1 23. f6+ Kh8 24. Rxc1 Rg8 25. Kf2 Be4 26. g3 Qc7 27. Qf4 Rg5 28.
Nxe6 fxe6 29. f7 Rf5 0-1

[Event "Euro Online U2300 Day 2"]
[Site "chess.com INT"]
[Date "2020.05.26"]
[Round "6"]
[White "Khachatryan, Anna"]
[Black "Ristic, Nenad"]
[Result "0-1"]
[WhiteTitle "WFM"]
[BlackTitle "GM"]
[WhiteElo "2071"]
[BlackElo "2332"]
[WhiteFideId "13310780"]
[BlackFideId "901318"]
[EventDate "2020.05.26"]

1. d4 Nf6 2. c4 c5 3. d5 b5 4. cxb5 a6 5. bxa6 g6 6. Nc3 Bg7 7. e4 O-O 8. Nf3
Qa5 9. Bd2 Bxa6 10. Be2 Bxe2 11. Qxe2 e6 12. O-O Qa6 13. Qd1 exd5 14. exd5 d6
15. a4 Nbd7 16. Re1 Rfb8 17. Ra2 Qc4 18. Bg5 h6 19. Nd2 Qd3 20. Re3 Qd4 21. Bxf6
Nxf6 22. Qe1 Re8 23. Nf3 Qc4 24. Nd2 Qf4 0-1

[Event "Euro Online U2300 Day 2"]
[Site "chess.com INT"]
[Date "2020.05.26"]
[Round "6"]
[White "Akhmedov, David"]
[Black "Levin, Guy"]
[Result "0-1"]
[WhiteElo "1808"]
[BlackElo "2213"]
[WhiteFideId "34220194"]
[BlackFideId "2824213"]
[EventDate "2020.05.26"]

1. e4 c5 2. Nf3 d6 3. g3 Nf6 4. d3 Nc6 5. Bg2 g6 6. O-O Bg7 7. Re1 h5 8. c3 Bg4
9. Nbd2 Qd7 10. h4 O-O 11. Qc2 Rfd8 12. Nf1 Ne5 13. Nxe5 dxe5 14. Be3 b6 15. Bg5
Qxd3 16. Qxd3 Rxd3 17. Ne3 Rad8 18. Nd5 Nxd5 19. exd5 Bf3 20. Bxf3 Rxf3 21. Bxe7
Rxd5 22. Rad1 Rfd3 23. Rxd3 Rxd3 24. Bg5 f5 25. Kf1 e4 26. Ke2 Kf7 27. Rd1 c4
28. Rd2 b5 29. Bf4 Ke6 30. Be3 a6 31. Bf4 Be5 32. Bg5 Kd7 33. Be3 Kc6 34. Bg5 a5
35. a3 b4 36. axb4 axb4 37. cxb4 Rxd2+ 38. Kxd2 Bxb2 39. Kc2 Bd4 40. Be3 Be5 41.
Bf4 Bg7 42. Bd2 Kb5 43. Bc3 Bf8 44. Bd2 Bxb4 45. Bxb4 Kxb4 46. Kb2 c3+ 47. Kc2
Kc4 48. Kc1 Kd3 49. Kd1 c2+ 50. Kc1 Kc3 51. g4 fxg4 52. f4 e3 53. f5 e2 54. fxg6
e1=B 55. g7 Bg3 56. g8=Q Bf4# 0-1

[Event "Euro Online U2300 Day 2"]
[Site "chess.com INT"]
[Date "2020.05.26"]
[Round "6"]
[White "Kusa, Jakub"]
[Black "Giannoulakis, Lampros"]
[Result "0-1"]
[BlackTitle "FM"]
[WhiteElo "2177"]
[BlackElo "2293"]
[WhiteFideId "395595"]
[BlackFideId "4247019"]
[EventDate "2020.05.26"]

1. e4 e5 2. f4 Bc5 3. Nf3 d6 4. Nc3 Nf6 5. Bc4 O-O 6. d3 c6 7. fxe5 dxe5 8. Bg5
b5 9. Bb3 Nbd7 10. Qd2 Qb6 11. Bxf6 Nxf6 12. Nxe5 a5 13. a4 Bd4 14. Nf3 Be3 15.
Qe2 Be6 16. axb5 cxb5 17. Bxe6 fxe6 18. Nd1 Bc5 19. c3 e5 20. Nxe5 Rae8 21. d4
Bd6 22. Nf2 Bxe5 23. dxe5 Rxe5 24. O-O-O a4 25. Ng4 Nxg4 26. Qxg4 a3 27. Rhf1
Qe3+ 28. Kc2 Rxf1 29. Rxf1 Rxe4 30. Qd1 Qe2+ 31. Qxe2 Rxe2+ 32. Kb3 axb2 33. Rb1
Rxg2 34. Rxb2 Rxb2+ 35. Kxb2 g5 36. Kb3 h5 37. Kb4 g4 38. Kc5 h4 39. Kd4 g3 40.
hxg3 h3 0-1

[Event "Euro Online U2300 Day 2"]
[Site "chess.com INT"]
[Date "2020.05.26"]
[Round "6"]
[White "Dmitrenko, Viktor"]
[Black "Bruil, Rembrandt"]
[Result "1-0"]
[WhiteTitle "IM"]
[BlackTitle "CM"]
[WhiteElo "2456"]
[BlackElo "2105"]
[WhiteFideId "14110270"]
[BlackFideId "1053590"]
[EventDate "2020.05.26"]

1. d4 d6 2. Nf3 g6 3. e4 Bg7 4. Bd3 Bg4 5. c3 Nd7 6. Nbd2 Ngf6 7. h3 Bxf3 8.
Nxf3 e5 9. Qb3 Rb8 10. O-O O-O 11. a4 Qe7 12. Re1 Kh8 13. a5 Nh5 14. Bf1 f5 15.
exf5 gxf5 16. dxe5 dxe5 17. Bg5 Nhf6 18. Nd4 Nc5 19. Qc4 b6 20. Nxf5 Qd7 21.
Nxg7 Qxg7 22. Qh4 Rbe8 23. axb6 axb6 24. Bh6 Qf7 25. Bxf8 Rxf8 26. Rxe5 Nfe4 27.
Rxe4 Nxe4 28. Qxe4 Qxf2+ 29. Kh1 Qxb2 30. Qd4+ Kg8 31. Bc4+ Rf7 32. Ra8# 1-0

[Event "Euro Online U2300 Day 2"]
[Site "chess.com INT"]
[Date "2020.05.26"]
[Round "6"]
[White "Droin, Augustin"]
[Black "Miletic, Vuk"]
[Result "1-0"]
[WhiteTitle "FM"]
[WhiteElo "2313"]
[BlackElo "2159"]
[WhiteFideId "45105987"]
[BlackFideId "16503406"]
[EventDate "2020.05.26"]

1. e4 c5 2. Nf3 Nc6 3. Bb5 g6 4. O-O Bg7 5. Nc3 Nf6 6. e5 Ng4 7. Bxc6 dxc6 8.
Re1 Qc7 9. Qe2 O-O 10. d3 Nh6 11. Ne4 b6 12. Bf4 Bg4 13. h3 Bxf3 14. Qxf3 Qd7
15. c3 Nf5 16. g4 Nh4 17. Qg3 g5 18. Nxg5 Ng6 19. Rad1 Qd5 20. Nf3 Qxa2 21. h4
Qxb2 22. h5 Nxf4 23. Qxf4 h6 24. g5 hxg5 25. Qxg5 Kh7 26. Qf5+ Kh8 27. Ng5 1-0

[Event "Euro Online U2300 Day 2"]
[Site "chess.com INT"]
[Date "2020.05.26"]
[Round "6"]
[White "Rogule, Laura"]
[Black "Zubcu, Vlad-George"]
[Result "1-0"]
[WhiteTitle "WGM"]
[WhiteElo "2297"]
[BlackElo "2199"]
[WhiteFideId "11601876"]
[BlackFideId "1219715"]
[EventDate "2020.05.26"]

1. c4 e5 2. Nc3 Nc6 3. g3 g6 4. Bg2 Bg7 5. e4 Nge7 6. Nge2 d6 7. d3 O-O 8. O-O
h6 9. f4 f5 10. Be3 Be6 11. Nd5 Qd7 12. Qd2 Kh7 13. Rae1 Rae8 14. b3 Nd4 15.
fxe5 dxe5 16. Nxe7 Nxe2+ 17. Qxe2 Qxe7 18. exf5 Bxf5 19. Bxb7 Rd8 20. Be4 Bh3
21. Rxf8 Rxf8 22. Bg2 Bf5 23. Bf2 Qa3 24. h3 Rd8 25. Rd1 Qd6 26. Qe3 a5 27. g4
Bd7 28. Bg3 Re8 29. Be4 Bc6 30. Rf1 Bxe4 31. Qxe4 Rd8 32. Rf7 Qxd3 33. Qxd3 Rxd3
34. Bxe5 Rd1+ 35. Kf2 1-0

[Event "Euro Online U2300 Day 2"]
[Site "chess.com INT"]
[Date "2020.05.26"]
[Round "6"]
[White "Aliakbarov, Anar"]
[Black "Baranow, Sergey"]
[Result "1-0"]
[WhiteTitle "FM"]
[WhiteElo "2219"]
[BlackElo "2192"]
[WhiteFideId "13401858"]
[BlackFideId "24155055"]
[EventDate "2020.05.26"]

1. d4 d5 2. c4 e6 3. cxd5 exd5 4. Nc3 Nf6 5. Bg5 Be7 6. e3 O-O 7. Bd3 h6 8. Bh4
c6 9. Qc2 Be6 10. Nge2 Nbd7 11. O-O c5 12. Rad1 Rc8 13. Nf4 cxd4 14. Nxe6 fxe6
15. exd4 Qb6 16. Rfe1 Bb4 17. Qe2 Rce8 18. Bg6 Re7 19. h3 Qa5 20. Bg3 Rc8 21.
Rc1 Bxc3 22. Bd6 Rc6 23. Bxe7 Bxe1 24. Qxe6+ Kh8 25. Rxc6 bxc6 26. Bxf6 Nxf6 27.
Qc8+ Ng8 28. Bf7 Bxf2+ 29. Kh2 Bg3+ 30. Kxg3 Qe1+ 31. Kh2 1-0

[Event "Euro Online U2300 Day 2"]
[Site "chess.com INT"]
[Date "2020.05.26"]
[Round "6"]
[White "Berdnyk, Mariia"]
[Black "Khojayan, Vardan"]
[Result "1-0"]
[WhiteTitle "FM"]
[WhiteElo "2324"]
[BlackElo "2266"]
[WhiteFideId "14137054"]
[BlackFideId "13303520"]
[EventDate "2020.05.26"]

1. c4 Nf6 2. Nc3 e6 3. Nf3 c5 4. d4 cxd4 5. Nxd4 d5 6. cxd5 Nxd5 7. Ndb5 a6 8.
e4 Nxc3 9. Qxd8+ Kxd8 10. Nxc3 Bd6 11. Be3 Ke7 12. Be2 Nc6 13. f4 f6 14. O-O b5
15. e5 fxe5 16. fxe5 Bxe5 17. Rad1 Bf6 18. Bc5+ Kf7 19. Bf3 Ra7 20. Bxc6 Rc7 21.
Rd6 Bb7 22. Bxb7 Rxc5 23. Ne4 Rc2 24. Rd7+ Ke8 25. Nxf6+ gxf6 26. Rfd1 Rf8 27.
Bf3 Rc5 28. Rxh7 Rf7 29. Bh5 Rxh5 30. Rxh5 Rc7 31. Rh8+ 1-0

[Event "Euro Online U2300 Day 2"]
[Site "chess.com INT"]
[Date "2020.05.26"]
[Round "6"]
[White "Zverev, Lev"]
[Black "Svane, Frederik"]
[Result "1/2-1/2"]
[WhiteTitle "CM"]
[WhiteElo "2087"]
[BlackElo "2421"]
[WhiteFideId "24250775"]
[BlackFideId "12923044"]
[EventDate "2020.05.26"]

1. e4 c5 2. Nf3 d6 3. d4 cxd4 4. Nxd4 Nf6 5. Nc3 Nbd7 6. Be3 a6 7. Qd2 e6 8.
O-O-O b5 9. f3 Bb7 10. Nb3 Rc8 11. Kb1 Be7 12. g4 Ne5 13. Be2 Nc4 14. Bxc4 Rxc4
15. Ne2 Rc8 16. Ng3 Nd7 17. h4 Ne5 18. Qe2 Nc4 19. Bf2 Qc7 20. g5 d5 21. exd5
Bxd5 22. Nf5 exf5 23. Rxd5 O-O 24. Rhd1 Rfe8 25. Rd7 Qe5 26. Qxe5 Nxe5 27. R7d5
Bf8 28. Bg3 Nc4 29. Bf4 g6 30. h5 Ne3 31. Bxe3 Rxe3 32. h6 Rxf3 33. c3 Rg3 34.
Rd8 Rxd8 35. Rxd8 Rxg5 36. Nc5 Rh5 37. Nd7 Rxh6 38. Rxf8+ Kg7 39. Ra8 Rh1+ 40.
Kc2 h5 41. Rxa6 h4 42. Rd6 h3 43. Rd3 g5 44. Ne5 g4 45. Rd7 h2 46. Rxf7+ Kg8 47.
Rxf5 Rc1+ 48. Kxc1 h1=Q+ 49. Kd2 Qe4 50. Rg5+ Kh7 51. Rxg4 Qxe5 52. Rd4 Kg6 53.
Kc2 Kf6 54. Kb3 Qc5 55. a4 bxa4+ 56. Kxa4 Ke6 57. Kb3 Qb5+ 1/2-1/2

[Event "Euro Online U2300 Day 2"]
[Site "chess.com INT"]
[Date "2020.05.26"]
[Round "6"]
[White "Kacprzak, Karol"]
[Black "Gheorghiu, Calin"]
[Result "1-0"]
[BlackTitle "FM"]
[WhiteElo "1988"]
[BlackElo "2283"]
[WhiteFideId "21819327"]
[BlackFideId "1200305"]
[EventDate "2020.05.26"]

1. d4 Nf6 2. Nf3 d5 3. e3 g6 4. c4 c6 5. Nc3 Bg7 6. Bd3 O-O 7. O-O Bg4 8. h3
Bxf3 9. Qxf3 e6 10. b3 Nbd7 11. Bb2 e5 12. cxd5 exd4 13. exd4 cxd5 14. Nxd5 Nxd5
15. Qxd5 Nb6 16. Qxb7 Bxd4 17. Bxd4 Qxd4 18. Rfd1 Qb2 19. Rdb1 Qc3 20. Qf3 Rad8
21. Rd1 Nd7 22. Rac1 Qa5 23. Qe2 Ne5 24. Be4 Rfe8 25. Qb2 f5 26. b4 Qb5 27. Rxd8
Rxd8 28. Rc5 Qb8 29. Rxe5 fxe4 30. g3 Qb7 31. Qb3+ Kg7 32. a3 Rd3 33. Qb2 Kg8
34. Re8+ Kf7 35. Qh8 1-0

[Event "Euro Online U2300 Day 2"]
[Site "chess.com INT"]
[Date "2020.05.26"]
[Round "6"]
[White "Usmanov, Ilnur"]
[Black "Kacprzak, Kacper"]
[Result "1-0"]
[WhiteElo "2147"]
[BlackElo "1977"]
[WhiteFideId "4111303"]
[BlackFideId "21819319"]
[EventDate "2020.05.26"]

1. c4 Nf6 2. Nc3 d6 3. g3 Nbd7 4. Bg2 g6 5. d4 Bg7 6. e3 e5 7. Nge2 O-O 8. O-O
Re8 9. b3 Rb8 10. Qc2 a6 11. a4 a5 12. Rd1 c6 13. Ba3 Bf8 14. Rd2 Qc7 15. Rad1
h5 16. h4 exd4 17. Nxd4 Nc5 18. Bb2 Na6 19. Ndb5 cxb5 20. Nxb5 Qe7 21. Nxd6 Rd8
22. Bxf6 Qxf6 23. Ne4 Qe5 24. Rxd8 Bf5 25. Rxb8 Qxb8 26. Nf6+ Kh8 27. Qc3 Bg7
28. Qd4 b6 29. Qd8+ Qxd8 30. Rxd8+ Bf8 31. Rxf8+ Kg7 32. Ra8 Nc5 33. Ne8+ Kh7
34. Rb8 Nd7 35. Rb7 1-0